000 01133nam a22002177a 4500
003 OSt
005 20180705101208.0
008 150408b2016 slv spa
040 _cBMC
082 _a670.42
100 1 _940251
_aZaldívar Martínez, Luis Ernesto
245 1 0 _aMantenimiento correctivo y preventivo de 3 maquinas termo nebulizadoras portátiles de la UCSFI San Rafael y elaboración del manual de procedimientos para el mantenimiento y operación de los mismos en aplicación de nieblas para el control del mosquito AEDES AEGIPTY
_b: Informe final de proyecto
_cLuis Ernesto Zaldívar Martínez
260 _aSanta Ana (El Salvador)
_bUniversidad Católica de El Salvador
_c2016
300 _a117 h.
_bil. col
_c28 cm
_e+ 1 disco compacto
500 _aPrecede al tít.: Universidad Católica de El Salvador, Facultad de Ingeniería y Arquitectura
502 _aPara optar al título de: Ingeniero Industrial
650 2 4 _919919
_aIngeniería industrial
650 2 4 _94331
_aSeguridad industrial
710 2 _91166
_aUniversidad Católica de El Salvador
_bFacultad de Ingeniería y Arquitectura
942 _2ddc
_cTG
999 _c26349
_d26349